[Event "Titled Tuesday intern op 13th Feb Early"]
[Site "Chess.com INT"]
[Date "2024.02.13"]
[Round "10"]
[White "Jakubowski, Krzysztof"]
[Black "Marczuk, Dominik"]
[Result "1-0"]
[WhiteElo "2467"]
[BlackElo "2283"]
[PlyCount "89"]
[EventDate "2024.02.13"]
[EventType "swiss (blitz)"]
[EventRounds "11"]
[EventCountry "USA"]
[SourceTitle "CB08_2024"]
[SourceDate "2024.02.21"]
[SourceVersion "1"]
[SourceVersionDate "2024.02.21"]
[SourceQuality "1"]

1. e4 c5 2. Nf3 Nc6 3. d4 cxd4 4. Nxd4 g6 5. c4 Nf6 6. Nc3 Nxd4 7. Qxd4 d6 8. Be2 Bg7 9. 0-0 0-0 10. Qd3 a5 11. Bd2 a4 12. Kh1 Nd7 13. Qg3 Nc5 14. f3 Be6 15. Rab1 Qb6 16. Qh4 Bf6 17. Bg5 Bxg5 18. Qxg5 Qc7 19. f4 f6 20. Qg3 Kh8 21. Rbd1 Nd7 22. Nb5 Qc5 23. Rc1 Rac8 24. Qd3 Qb4 25. Nd4 Bf7 26. b3 axb3 27. axb3 Nc5 28. Qe3 Ra8 29. e5 Kg7 30. h4 Ra3 31. Rb1 Bxc4 32. exd6 Bxe2 33. dxe7 Re8 34. Nxe2 Nxb3 35. Ng3 Rxe7 36. Qf3 Qa4 37. Qg4 Qa5 38. f5 Ra4 39. Nh5+ Kf7 40. fxg6+ hxg6 41. Rxf6+ Ke8 42. Qxg6+ Kd7 43. Qd3+ Nd4 44. Ng3 Qd5 45. Rf4 1-0

[Event "Titled Tuesday intern op 13th Feb Late"]
[Site "Chess.com INT"]
[Date "2024.02.13"]
[Round "5"]
[White "Marczuk, Dominik"]
[Black "Payne, Matthew"]
[Result "1/2-1/2"]
[WhiteElo "2283"]
[BlackElo "2089"]
[PlyCount "106"]
[EventDate "2024.02.13"]
[EventType "swiss (blitz)"]
[EventRounds "11"]
[EventCountry "USA"]
[SourceTitle "CB08_2024"]
[SourceDate "2024.02.21"]
[SourceVersion "1"]
[SourceVersionDate "2024.02.21"]
[SourceQuality "1"]

1. c4 Nf6 2. Nc3 g6 3. g3 Bg7 4. Bg2 0-0 5. d3 d6 6. e4 c5 7. Nge2 Nc6 8. 0-0 a6 9. a4 Nd4 10. Rb1 Nd7 11. b4 cxb4 12. Rxb4 Nc5 13. Be3 Nxe2+ 14. Nxe2 Qa5 15. Bd2 Qc7 16. Qc2 Ne6 17. Bc3 Bd7 18. Bxg7 Kxg7 19. Qb2+ Kg8 20. Rxb7 Qc8 21. d4 Be8 22. Rb1 Qxc4 23. Rxe7 Bxa4 24. Rc1 Rfb8 25. Rxc4 Rxb2 26. Rxa4 Rxe2 27. Bf1 Rxe4 28. Bxa6 Rxd4 29. Rxd4 Nxd4 30. Bb7 Ra7 31. Re8+ Kg7 32. Bd5 Ra5 33. Bc4 Re5 34. Rd8 d5 35. Bd3 Nf3+ 36. Kf1 Ng5 37. f4 Re3 38. Be2 Ne4 39. Rxd5 Rxe2 40. Re5 Nc3 41. Rxe2 Nxe2 42. Kxe2 Kf6 43. Kf3 Kf5 44. g4+ Kf6 45. Ke4 h5 46. g5+ Ke6 47. h3 f6 48. h4 f5+ 49. Kd4 Kd6 50. Kc4 Kc6 51. Kd4 Kd6 52. Kc4 Kc6 53. Kd4 Kd6 1/2-1/2

[Event "Titled Tuesday intern op 13th Feb Late"]
[Site "Chess.com INT"]
[Date "2024.02.13"]
[Round "9"]
[White "Marczuk, Dominik"]
[Black "Perez, Maximiliano"]
[Result "1-0"]
[WhiteElo "2283"]
[BlackElo "2374"]
[PlyCount "69"]
[EventDate "2024.02.13"]
[EventType "swiss (blitz)"]
[EventRounds "11"]
[EventCountry "USA"]
[SourceTitle "CB08_2024"]
[SourceDate "2024.02.21"]
[SourceVersion "1"]
[SourceVersionDate "2024.02.21"]
[SourceQuality "1"]

1. c4 e5 2. g3 Nf6 3. Bg2 c6 4. Nf3 e4 5. Nd4 Qb6 6. Nc2 d5 7. cxd5 cxd5 8. 0-0 Be7 9. d3 0-0 10. Nc3 Bf5 11. Be3 Qxb2 12. Bd4 Nc6 13. Rb1 Qxb1 14. Nxb1 exd3 15. exd3 Rfe8 16. Re1 Rac8 17. Bb2 a5 18. Nd4 Bg6 19. Nxc6 bxc6 20. Bxf6 Bxf6 21. Rxe8+ Rxe8 22. Bf1 h5 23. Nd2 Bc3 24. Nf3 c5 25. Qa4 Rb8 26. Kg2 Bf5 27. Qc6 Rc8 28. Qxd5 Be6 29. Qxh5 Bxa2 30. Ng5 Re8 31. Qh7+ Kf8 32. Qf5 Bd4 33. Ne4 g6 34. Qf4 Bd5 35. Qd6+ 1-0

[Event "Titled Tuesday intern op 06th Feb Late"]
[Site "Chess.com INT"]
[Date "2024.02.06"]
[Round "1"]
[White "Marczuk, Dominik"]
[Black "Duda, Jan Krzysztof"]
[Result "0-1"]
[WhiteElo "2283"]
[BlackElo "2732"]
[PlyCount "56"]
[EventDate "2024.02.06"]
[EventType "swiss (blitz)"]
[EventRounds "11"]
[EventCountry "USA"]
[SourceTitle "CB07_2024"]
[SourceDate "2024.02.14"]
[SourceVersion "1"]
[SourceVersionDate "2024.02.14"]
[SourceQuality "1"]

1. c4 e6 2. Nf3 b6 3. e3 Bb7 4. b3 Qf6 5. Nc3 Bxf3 6. Qxf3 Qxf3 7. gxf3 g6 8. Bb2 Bg7 9. d4 c6 10. f4 f5 11. 0-0-0 Nf6 12. d5 Kf7 13. Bg2 exd5 14. cxd5 c5 15. Nb5 a6 16. Nc7 Ra7 17. d6 Nc6 18. Nd5 Ng4 19. Bxg7 Kxg7 20. Rd2 Rb8 21. h3 Nf6 22. Rhd1 Nd8 23. Kb2 Nf7 24. Nc3 b5 25. Nd5 Ne8 26. Ne7 Kf8 27. Nd5 c4 28. bxc4 Nexd6 0-1

[Event "POL-chT 2nd League"]
[Site "Jastrzebia Gora"]
[Date "2023.09.10"]
[Round "9.14"]
[White "Marczuk, Dominik"]
[Black "Bednarek, Sylwester"]
[Result "1-0"]
[WhiteElo "2253"]
[BlackElo "2268"]
[PlyCount "127"]
[EventDate "2023.09.02"]
[EventType "team-swiss"]
[EventRounds "9"]
[EventCountry "POL"]
[SourceTitle "EXT 2024"]
[Source "ChessBase"]
[SourceDate "2023.10.10"]
[SourceVersion "1"]
[SourceVersionDate "2023.10.10"]
[SourceQuality "1"]
[WhiteTeam "Krakow KKSz"]
[BlackTeam "Konin Hetman"]
[WhiteTeamCountry "POL"]
[BlackTeamCountry "POL"]

1. c4 g6 2. g3 Bg7 3. Bg2 f5 4. Nc3 Nc6 5. d3 Nh6 6. e3 0-0 7. Nge2 e5 8. 0-0 d6 9. Rb1 g5 10. f4 Nf7 11. Nd5 Ne7 12. Nxe7+ Qxe7 13. b4 Rb8 14. b5 exf4 15. gxf4 Bd7 16. Kh1 g4 17. Ng3 Qh4 18. Qb3 Rfe8 19. Qa3 b6 20. Qxa7 Rbc8 21. Bb7 Rb8 22. Bd5 Qd8 23. Qa4 Qc8 24. Qb3 c6 25. bxc6 Bxc6 26. Bxc6 Qxc6+ 27. Kg1 Qc5 28. d4 Qc8 29. Bd2 Ra8 30. Rb2 Qe6 31. Qd3 Ra4 32. Rc1 Rea8 33. Qxf5 Qxf5 34. Nxf5 Rxa2 35. Rcb1 Bf8 36. Bc3 Rxb2 37. Rxb2 Rc8 38. Rxb6 Rxc4 39. Bb2 d5 40. Rb8 Ra4 41. Ne7+ Kg7 42. Nxd5 Nd6 43. Nc3 Ra6 44. e4 Nc4 45. Rb7+ Kh6 46. Bc1 Ba3 47. Rb1 Bxc1 48. Rxc1 Nd2 49. d5 Rf6 50. Kf2 Nb3 51. Rb1 Rxf4+ 52. Ke2 Nc5 53. Ke3 Kg5 54. Rb5 Rf3+ 55. Kd4 Nd7 56. Rb7 Rd3+ 57. Kxd3 Nc5+ 58. Kd4 Nxb7 59. e5 h5 60. Ne4+ Kg6 61. e6 h4 62. Ke5 Nc5 63. Nxc5 g3 64. Nd3 1-0

[Event "Titled Tuesday intern op 18th Apr Late"]
[Site "Chess.com INT"]
[Date "2023.04.18"]
[Round "2"]
[White "Hon, Eric"]
[Black "Marczuk, Dominik"]
[Result "1-0"]
[WhiteElo "1897"]
[BlackElo "2253"]
[PlyCount "73"]
[EventDate "2023.04.18"]
[EventType "swiss (blitz)"]
[EventRounds "11"]
[EventCountry "USA"]
[SourceTitle "EXT 2024"]
[Source "ChessBase"]
[SourceDate "2023.10.10"]
[SourceVersion "1"]
[SourceVersionDate "2023.10.10"]
[SourceQuality "1"]

1. e4 c5 2. Nf3 Nc6 3. d4 cxd4 4. Nxd4 g6 5. Nc3 Bg7 6. Be3 Nf6 7. h3 0-0 8. f4 d6 9. Qf3 Nxd4 10. Bxd4 e5 11. fxe5 dxe5 12. Be3 Be6 13. Bd3 Qa5 14. 0-0 Rac8 15. Kh1 Nd7 16. Nd5 Bxd5 17. exd5 f5 18. Qe2 Qxd5 19. Rad1 Qf7 20. b3 Kh8 21. Bc4 Qe7 22. Bxa7 b6 23. Bb5 Rc7 24. Bxd7 Rxa7 25. Ba4 e4 26. Rd5 Be5 27. Rfd1 Bc7 28. Qb5 Ra5 29. Qd7 Qxd7 30. Rxd7 Be5 31. Rb7 Rc5 32. b4 Rc4 33. Rdd7 e3 34. Rxh7+ Kg8 35. Bb3 Rfc8 36. Rhe7 Bf6 37. Rec7 1-0

[Event "Titled Tuesday intern op 18th Apr Late"]
[Site "Chess.com INT"]
[Date "2023.04.18"]
[Round "3"]
[White "Marczuk, Dominik"]
[Black "Torres Hernandez, Leslie Carolin"]
[Result "1-0"]
[WhiteElo "2253"]
[BlackElo "1861"]
[PlyCount "107"]
[EventDate "2023.04.18"]
[EventType "swiss (blitz)"]
[EventRounds "11"]
[EventCountry "USA"]
[SourceTitle "EXT 2024"]
[Source "ChessBase"]
[SourceDate "2023.10.10"]
[SourceVersion "1"]
[SourceVersionDate "2023.10.10"]
[SourceQuality "1"]

1. e4 c5 2. Nf3 d6 3. d4 cxd4 4. Nxd4 Nf6 5. Nc3 a6 6. f3 e5 7. Nb3 Be7 8. Be3 0-0 9. Qd2 Be6 10. 0-0-0 Nbd7 11. g4 Qc7 12. Kb1 b5 13. g5 Nh5 14. Nd5 Bxd5 15. exd5 a5 16. Bxb5 a4 17. Nc1 Rfb8 18. Bc6 Ra6 19. a3 Nb6 20. Qd3 Ra5 21. Ne2 Nd7 22. Nc3 Nc5 23. Bxc5 Rxc5 24. Ne4 Ra5 25. Ka2 Nf4 26. Qe3 Ra6 27. Rhg1 Rxc6 28. dxc6 Qxc6 29. Nc3 Qb7 30. Rb1 Qa6 31. Qe4 Ne6 32. Qxa4 Qb6 33. Qc4 Bf8 34. Rgd1 Nd4 35. Nd5 Qb7 36. c3 Rc8 37. Qb4 Qxd5+ 38. b3 Qxf3 39. cxd4 d5 40. Qd2 e4 41. Rf1 Qh3 42. Rfc1 Re8 43. b4 e3 44. Qe2 Bd6 45. b5 h6 46. b6 hxg5 47. b7 Rb8 48. Rc3 Kh7 49. Rxe3 Qd7 50. Reb3 g6 51. Qc2 Kg7 52. Rb5 Bf4 53. Qb3 Qh3 54. Qxh3 1-0

[Event "Titled Tuesday intern op 18th Apr Late"]
[Site "Chess.com INT"]
[Date "2023.04.18"]
[Round "8"]
[White "Marczuk, Dominik"]
[Black "Vargas Rodriguez, Wilver"]
[Result "1-0"]
[WhiteElo "2253"]
[BlackElo "2332"]
[PlyCount "51"]
[EventDate "2023.04.18"]
[EventType "swiss (blitz)"]
[EventRounds "11"]
[EventCountry "USA"]
[SourceTitle "EXT 2024"]
[Source "ChessBase"]
[SourceDate "2023.10.10"]
[SourceVersion "1"]
[SourceVersionDate "2023.10.10"]
[SourceQuality "1"]

1. e4 c5 2. Nf3 d6 3. d4 cxd4 4. Nxd4 Nf6 5. Nc3 a6 6. f3 e5 7. Nb3 Be7 8. Be3 Be6 9. Qd2 h5 10. Nd5 Nxd5 11. exd5 Bf5 12. Be2 Nd7 13. 0-0 Rc8 14. c4 0-0 15. Na5 Rc7 16. b4 Bf6 17. Rac1 e4 18. f4 Bg4 19. Bxg4 hxg4 20. c5 dxc5 21. bxc5 Qb8 22. c6 bxc6 23. dxc6 Nb6 24. Rb1 Nc4 25. Rxb8 Nxd2 26. Rxf8+ 1-0

[Event "Titled Tuesday intern op 04th Apr Late"]
[Site "Chess.com INT"]
[Date "2023.04.04"]
[Round "3"]
[White "Poliakova, Varvara"]
[Black "Marczuk, Dominik"]
[Result "0-1"]
[WhiteElo "2043"]
[BlackElo "2253"]
[PlyCount "86"]
[EventDate "2023.04.04"]
[EventType "swiss (blitz)"]
[EventRounds "11"]
[EventCountry "USA"]
[SourceTitle "EXT 2024"]
[Source "ChessBase"]
[SourceDate "2023.10.10"]
[SourceVersion "1"]
[SourceVersionDate "2023.10.10"]
[SourceQuality "1"]

1. e4 c5 2. Nf3 d6 3. d4 cxd4 4. Nxd4 Nf6 5. Nc3 a6 6. h3 e5 7. Nde2 b5 8. g4 b4 9. Nd5 Nxd5 10. exd5 Be7 11. Bg2 0-0 12. Ng3 Bg5 13. 0-0 Nd7 14. Nf5 Bxc1 15. Rxc1 Nc5 16. Qf3 Bxf5 17. Qxf5 g6 18. Qf3 f6 19. c3 a5 20. Qe3 b3 21. axb3 Nxb3 22. Rce1 a4 23. f4 Nc5 24. fxe5 fxe5 25. g5 Qe7 26. h4 Rxf1+ 27. Rxf1 Rf8 28. Bh3 Rxf1+ 29. Kxf1 Kg7 30. Ke2 Qb7 31. Qd2 Qb5+ 32. Ke3 Qc4 33. h5 Qf4+ 34. Ke2 Qh2+ 35. Kd1 Qxh3 36. h6+ Kg8 37. Qe2 Qd3+ 38. Qxd3 Nxd3 39. Kc2 Nc5 40. c4 Kf7 41. Kc3 Ke7 42. Kb4 Kd7 43. Kc3 Kc7 0-1

[Event "Titled Tuesday intern op 7th Mar Late"]
[Site "Chess.com INT"]
[Date "2023.03.07"]
[Round "5"]
[White "Almeida Quintana, Omar"]
[Black "Marczuk, Dominik"]
[Result "0-1"]
[WhiteElo "2527"]
[BlackElo "2253"]
[PlyCount "96"]
[EventDate "2023.03.07"]
[EventType "swiss (blitz)"]
[EventRounds "11"]
[EventCountry "USA"]
[SourceTitle "EXT 2024"]
[Source "ChessBase"]
[SourceDate "2023.10.10"]
[SourceVersion "1"]
[SourceVersionDate "2023.10.10"]
[SourceQuality "1"]

1. d4 Nf6 2. c4 g6 3. Nc3 Bg7 4. e4 d6 5. h3 0-0 6. Be3 e5 7. d5 Nbd7 8. g4 Nc5 9. Qc2 a5 10. Nge2 c6 11. Ng3 cxd5 12. exd5 Ne8 13. g5 f5 14. gxf6 Nxf6 15. 0-0-0 a4 16. Kb1 Kh8 17. Be2 b6 18. f3 Qe7 19. h4 Nh5 20. Nxh5 gxh5 21. Ne4 Bf5 22. Rdg1 Bg6 23. Rxg6 hxg6 24. Nxc5 bxc5 25. Qxg6 Qf7 26. Qxd6 Qf5+ 27. Kc1 a3 28. b3 e4 29. f4 Rad8 30. Qxc5 Qf6 31. Kd2 Qc3+ 32. Kd1 Qa1+ 33. Bc1 Qxa2 34. Qb6 Rb8 35. Qg6 Qxb3+ 36. Ke1 Qc3+ 37. Bd2 Rb1+ 38. Bd1 Rxd1+ 39. Kxd1 Qf3+ 40. Kc2 Qxh1 41. Qxh5+ Kg8 42. d6 a2 43. Qd5+ Kh7 44. Qh5+ Bh6 45. Bc3 Qg2+ 46. Kb3 Rb8+ 47. Ka4 Qc2+ 48. Ka5 Qxc3+ 0-1

[Event "Titled Tuesday intern op 7th Mar Late"]
[Site "Chess.com INT"]
[Date "2023.03.07"]
[Round "1"]
[White "Costachi, Mihnea"]
[Black "Marczuk, Dominik"]
[Result "1-0"]
[WhiteElo "2476"]
[BlackElo "2253"]
[PlyCount "109"]
[EventDate "2023.03.07"]
[EventType "swiss (blitz)"]
[EventRounds "11"]
[EventCountry "USA"]
[SourceTitle "EXT 2024"]
[Source "ChessBase"]
[SourceDate "2023.10.10"]
[SourceVersion "1"]
[SourceVersionDate "2023.10.10"]
[SourceQuality "1"]

1. d4 Nf6 2. c4 g6 3. Nc3 Bg7 4. e4 d6 5. Be2 0-0 6. Bg5 Nbd7 7. Qd2 e5 8. d5 a5 9. f3 Nc5 10. g4 c6 11. h4 cxd5 12. cxd5 a4 13. h5 Bd7 14. Bh6 b5 15. Bxg7 Kxg7 16. Bxb5 Bxb5 17. Nxb5 Qb6 18. Nc3 Rab8 19. Rb1 Qb4 20. Nge2 Qc4 21. h6+ Kg8 22. 0-0 Rfc8 23. Rfd1 Nfd7 24. Qe3 Rb7 25. f4 f6 26. g5 fxg5 27. fxg5 Rf8 28. Rf1 Rbb8 29. Rxf8+ Rxf8 30. Rf1 Rxf1+ 31. Kxf1 Nd3 32. Nxa4 Qxa2 33. Qxd3 Qxa4 34. Nc3 Qb4 35. Qb5 Qxb5+ 36. Nxb5 Kf7 37. Nxd6+ Ke7 38. Nc4 Nc5 39. Nd2 Nd3 40. b3 Nf4 41. Nf3 Kd6 42. Kf2 Nd3+ 43. Ke3 Nc5 44. Nd2 Na6 45. Kd3 Kc5 46. Kc3 Nb4 47. Nc4 Na2+ 48. Kb2 Nb4 49. Nxe5 Kd4 50. Nxg6 Kxe4 51. d6 Kf5 52. d7 Nc6 53. Ne7+ Ke6 54. Nxc6 Kxd7 55. g6 1-0

[Event "Titled Tuesday intern op 7th Mar Late"]
[Site "Chess.com INT"]
[Date "2023.03.07"]
[Round "11"]
[White "Gubajdullin, Alexey"]
[Black "Marczuk, Dominik"]
[Result "1-0"]
[WhiteElo "2300"]
[BlackElo "2253"]
[PlyCount "43"]
[EventDate "2023.03.07"]
[EventType "swiss (blitz)"]
[EventRounds "11"]
[EventCountry "USA"]
[SourceTitle "EXT 2024"]
[Source "ChessBase"]
[SourceDate "2023.10.10"]
[SourceVersion "1"]
[SourceVersionDate "2023.10.10"]
[SourceQuality "1"]

1. d4 Nf6 2. Nf3 g6 3. Bf4 Bg7 4. e3 0-0 5. Be2 d6 6. 0-0 Nc6 7. h3 Nd7 8. Bh2 e5 9. a4 f5 10. a5 a6 11. c3 e4 12. Qb3+ Kh8 13. Nfd2 Qe7 14. c4 g5 15. Nc3 Nf6 16. Nd5 Nxd5 17. cxd5 Nd8 18. Rfc1 Bd7 19. Rxc7 Rc8 20. Rac1 Rxc7 21. Rxc7 Qe8 22. Bxd6 1-0

[Event "Titled Tuesday intern op 7th Mar Late"]
[Site "Chess.com INT"]
[Date "2023.03.07"]
[Round "3"]
[White "Marczuk, Dominik"]
[Black "Czopor, Maciej"]
[Result "1-0"]
[WhiteElo "2253"]
[BlackElo "2408"]
[PlyCount "159"]
[EventDate "2023.03.07"]
[EventType "swiss (blitz)"]
[EventRounds "11"]
[EventCountry "USA"]
[SourceTitle "EXT 2024"]
[Source "ChessBase"]
[SourceDate "2023.10.10"]
[SourceVersion "1"]
[SourceVersionDate "2023.10.10"]
[SourceQuality "1"]

1. e4 g6 2. d4 Bg7 3. Nc3 d6 4. f4 a6 5. Nf3 b5 6. Bd3 Bb7 7. Qe2 Nd7 8. 0-0 Nh6 9. Kh1 c5 10. dxc5 Nxc5 11. Be3 Rc8 12. Bd4 Bxd4 13. Nxd4 0-0 14. a3 e5 15. Nb3 f6 16. a4 b4 17. Nd5 Bxd5 18. exd5 a5 19. Nxc5 Rxc5 20. f5 Kg7 21. Qe4 g5 22. b3 Ng8 23. Bc4 Ne7 24. Rf3 Nc8 25. h4 h6 26. hxg5 hxg5 27. Rh3 Rh8 28. Rxh8 Qxh8+ 29. Kg1 Nb6 30. Rf1 Qh4 31. Re1 Nxc4 32. Qxh4 gxh4 33. bxc4 Rxc4 34. Re2 Kh6 35. Kf2 Kg5 36. Ke3 Kxf5 37. Rf2+ Kg5 38. Kd3 f5 39. Kxc4 Kg4 40. Kb5 e4 41. Kxa5 e3 42. Re2 f4 43. Kxb4 f3 44. gxf3+ Kxf3 45. Re1 Kf2 46. Rh1 e2 47. a5 h3 48. a6 e1Q+ 49. Rxe1 Kxe1 50. a7 h2 51. a8Q h1Q 52. Qe8+ Kd2 53. c4 Qb1+ 54. Ka5 Kc3 55. Qc6 Qb4+ 56. Ka6 Qxc4+ 57. Kb6 Kb4 58. Qxd6+ Kb3 59. Qc5 Qh4 60. d6 Qd8+ 61. Kb5 Qe8+ 62. Kb6 Qd8+ 63. Kb7 Qd7+ 64. Qc7 Qf5 65. Qb6+ Ka2 66. Qc6 Qb1+ 67. Kc8 Qf5+ 68. d7 Qg4 69. Kc7 Qf4+ 70. Qd6 Qc4+ 71. Kb7 Qb5+ 72. Kc7 Qc4+ 73. Qc6 Qf4+ 74. Kb6 Qb4+ 75. Ka7 Qd4+ 76. Ka8 Qh8+ 77. Qc8 Qh1+ 78. Kb8 Qh2+ 79. Qc7 Qb2+ 80. Kc8 1-0

[Event "Titled Tuesday intern op 7th Mar Late"]
[Site "Chess.com INT"]
[Date "2023.03.07"]
[Round "10"]
[White "Marczuk, Dominik"]
[Black "De Souza, Cristiano Gomes"]
[Result "1-0"]
[WhiteElo "2253"]
[BlackElo "2018"]
[PlyCount "85"]
[EventDate "2023.03.07"]
[EventType "swiss (blitz)"]
[EventRounds "11"]
[EventCountry "USA"]
[SourceTitle "EXT 2024"]
[Source "ChessBase"]
[SourceDate "2023.10.10"]
[SourceVersion "1"]
[SourceVersionDate "2023.10.10"]
[SourceQuality "1"]

1. e4 c5 2. Nf3 d6 3. d4 cxd4 4. Nxd4 Nf6 5. Nc3 a6 6. f3 e5 7. Nb3 Be6 8. Be3 Be7 9. Qd2 d5 10. exd5 Nxd5 11. Nxd5 Qxd5 12. Qxd5 Bxd5 13. 0-0-0 Be6 14. Nc5 Bc8 15. Bc4 Nd7 16. Ne4 0-0 17. Bb3 Nf6 18. Nd6 Bxd6 19. Rxd6 Bf5 20. Rhd1 Bg6 21. Rb6 Rab8 22. Bc5 Rfc8 23. Bd6 Ra8 24. Bxe5 Rc6 25. Rxb7 Rac8 26. c3 h6 27. Ra7 Re8 28. Ba4 Rxe5 29. Bxc6 Re2 30. Ba4 Rxg2 31. Rxa6 Nh5 32. Bb3 Nf4 33. Rxg6 Nxg6 34. Rd8+ Kh7 35. Bxf7 Ne5 36. Bb3 Nxf3 37. Bc2+ g6 38. b4 Ne1 39. Rd7+ Kg8 40. Be4 Rxh2 41. b5 Rh4 42. Bd5+ Kf8 43. b6 1-0

[Event "Titled Tuesday intern op 7th Mar Late"]
[Site "Chess.com INT"]
[Date "2023.03.07"]
[Round "7"]
[White "Marczuk, Dominik"]
[Black "Melikyan, Gnel"]
[Result "0-1"]
[WhiteElo "2253"]
[BlackElo "2238"]
[PlyCount "142"]
[EventDate "2023.03.07"]
[EventType "swiss (blitz)"]
[EventRounds "11"]
[EventCountry "USA"]
[SourceTitle "EXT 2024"]
[Source "ChessBase"]
[SourceDate "2023.10.10"]
[SourceVersion "1"]
[SourceVersionDate "2023.10.10"]
[SourceQuality "1"]

1. e4 d6 2. d4 Nf6 3. Nc3 e5 4. Nf3 Nc6 5. Bb5 Bd7 6. dxe5 Nxe5 7. Bxd7+ Qxd7 8. 0-0 0-0-0 9. Bf4 Nxf3+ 10. Qxf3 Qg4 11. Qxg4+ Nxg4 12. Bg3 Re8 13. h3 Nf6 14. f3 g6 15. Rad1 Bg7 16. Nb5 a6 17. Nd4 d5 18. e5 Nh5 19. Bh2 Bxe5 20. f4 Bxd4+ 21. Rxd4 c6 22. c4 dxc4 23. Rxc4 Re2 24. Rf2 Rhe8 25. Rc2 Rxc2 26. Rxc2 Nf6 27. Kf2 Nd5 28. Rd2 Kd7 29. Kf3 Re1 30. Kg4 h6 31. Bg3 Rf1 32. Bf2 b5 33. Kf3 a5 34. g4 Rh1 35. Kg2 Ra1 36. a3 f5 37. Kf3 Rb1 38. g5 h5 39. Bd4 Rf1+ 40. Bf2 Kc7 41. Re2 Kd7 42. Rd2 Rh1 43. Kg2 Rc1 44. Kf3 Rc4 45. Bd4 c5 46. Be5 Ke6 47. Re2 Kd7 48. Rd2 Kc6 49. Re2 b4 50. axb4 cxb4 51. Bb8 a4 52. Re6+ Kb7 53. Be5 Rc6 54. Re8 a3 55. bxa3 bxa3 56. Rd8 Nc3 57. Rd3 Nb5 58. Ke3 Ka6 59. Rd8 Ka5 60. Kd3 Kb4 61. Ra8 Rc1 62. Ra6 Rh1 63. Rxg6 Rxh3+ 64. Kd2 a2 65. Ra6 Kb3 66. g6 Rg3 67. g7 h4 68. Ke2 h3 69. Kf2 Rg2+ 70. Kf3 Rg4 71. Rh6 Nc3 0-1

[Event "Titled Tuesday intern op 28th Feb Late"]
[Site "Chess.com INT"]
[Date "2023.02.28"]
[Round "4"]
[White "Marczuk, Dominik"]
[Black "Druzhinina, Olga"]
[Result "0-1"]
[WhiteElo "2253"]
[BlackElo "2245"]
[PlyCount "66"]
[EventDate "2023.02.28"]
[EventType "swiss (blitz)"]
[EventRounds "11"]
[EventCountry "USA"]
[SourceTitle "CBM 213 Extra"]
[Source "ChessBase"]
[SourceDate "2023.05.31"]
[SourceVersion "1"]
[SourceVersionDate "2023.05.31"]
[SourceQuality "1"]

1. e4 c5 2. Nf3 d6 3. d4 cxd4 4. Nxd4 Nf6 5. Nc3 a6 6. f3 e5 7. Nb3 Be7 8. Be3 Be6 9. Qd2 Nbd7 10. 0-0-0 b5 11. g4 b4 12. Ne2 h6 13. g5 hxg5 14. Bxg5 a5 15. Kb1 a4 16. Nbc1 Qb6 17. Bg2 b3 18. cxb3 axb3 19. a3 Nc5 20. Nc3 Rh5 21. h4 Bc4 22. f4 Rd8 23. Bf3 Rh8 24. h5 Ne6 25. h6 gxh6 26. Bxh6 Nd4 27. Be2 Rc8 28. Bxc4 Rxc4 29. Bg5 Rg8 30. Bxf6 Bxf6 31. Nd5 Qd8 32. fxe5 Bxe5 33. Qa5 Qxa5 0-1

[Event "Titled Tuesday intern op 07th Feb Late"]
[Site "Chess.com INT"]
[Date "2023.02.07"]
[Round "11"]
[White "Kovalevsky, Stanislav"]
[Black "Marczuk, Dominik"]
[Result "1-0"]
[WhiteElo "2237"]
[BlackElo "2253"]
[PlyCount "67"]
[EventDate "2023.02.07"]
[EventType "swiss (blitz)"]
[EventRounds "11"]
[EventCountry "USA"]
[SourceTitle "EXT 2024"]
[Source "ChessBase"]
[SourceDate "2023.10.10"]
[SourceVersion "1"]
[SourceVersionDate "2023.10.10"]
[SourceQuality "1"]

1. c4 f5 2. Nc3 Nf6 3. g3 g6 4. Bg2 Bg7 5. e3 0-0 6. Nge2 d6 7. 0-0 Nc6 8. a3 a5 9. Rb1 e5 10. b4 axb4 11. axb4 Nh5 12. f4 e4 13. d3 Be6 14. dxe4 Bxc4 15. exf5 gxf5 16. Bd5+ Bxd5 17. Qxd5+ Kh8 18. b5 Na5 19. e4 fxe4 20. Qxh5 Nc4 21. Nxe4 Qe7 22. N2c3 c6 23. f5 Bd4+ 24. Kg2 d5 25. Bg5 Qf7 26. Qxf7 Rxf7 27. bxc6 bxc6 28. Ne2 Ra2 29. Rb8+ Kg7 30. f6+ Kg6 31. Rg8+ Kh5 32. g4+ Kxg4 33. Rf4+ Kh5 34. Rh4# 1-0